000 00799nam a2200217Ii 4500
003 JO-AjNU
008 230605s9999||||xx |||||||||||||| ||und||
020 _a2013/7/2546
040 _aJO-AjNU
_bara
_erda
_cJO-AjNU
041 _aara
050 1 4 _aQA445.S535 2014
100 3 _aشاكر، محمود,
_eauthor
_950367
245 0 0 _aنظريات وقوانين جديدة القعدة الذهبيه في القطع المكافئ والمنحنيات كثيرة الحدود
250 _aط1
264 3 1 _aعمان:دار جليس الزمان ، 2013
300 _a653ص
_bملاحق من617-653
336 _atext
_btxt
_2rdacontent
337 _aunmediated
_bn
_2rdamedia
338 _avolume
_bnc
_2rdacarrier
650 4 _aالديناميكا-الهندسة الميكانيكة
_950368
999 _aA22183
_c25751
_d25751